| 000 | 00401nam a2200181Ia 4500 | ||
|---|---|---|---|
| 005 | 20250423095853.0 | ||
| 008 | 250422s9999 xx 000 0 und d | ||
| 020 | _a9780399154218 | ||
| 050 | _aPS 3569 .A51 .I58/ | ||
| 100 | _aSandford, John | ||
| 245 | 0 | _aInvisible prey | |
| 260 | _aNew York | ||
| 260 | _bPutman | ||
| 260 | _c2007 | ||
| 300 | _a388 p | ||
| 650 | _aLiterature | ||
| 942 | _cBK | ||
| 999 |
_c31579 _d31579 |
||